Principaux monuments des pays #2 - Statistiques

Statistiques générales
  • Ce quiz a été pris 154 fois
  • Le résultat moyen est 14 sur 24
Statistiques - réponses
principaux monument pays % Correct
Puy du Fou France
99%
Grand Cañon Etats-Unis
97%
Mont Fuji Japon
96%
Parthénon Grèce
95%
Porte de Brandebourg Allemagne
93%
Sagrada Família Espagne
89%
La Petite Sirène Danemark
85%
Stonehenge Royaume-Uni
84%
Obélisque de Louxor Égypte
82%
Teotihuacan Mexique
72%
Panthéon (original) Italie
68%
Sognefjord Norvège
65%
Mosquée bleue Turquie
62%
Persépolis Iran
57%
Uluru Australie
56%
Krakatoa Indonésie
38%
Salto Ángel Venezuela
34%
Palm Islands Émirats arabes unis
33%
Temple du Lotus Inde
30%
Lac Moraine Canada
23%
Palais du Potala Chine
22%
Temple de Borobudur Indonésie
18%
Temple au pavillon d'argent Japon
14%
Fontaine du Merlion Singapour
10%
Aucun quiz correspondant
Distribution des résultats
% des personnes avec chaque résultat
Percentile par nombre de réponses
Votre historique - résultats
Vous n’avez pas pris ce quiz